000 00594nam a2200229Ia 4500
008 170203s9999 xx 000 0 und d
020 _a8188370754
050 _a621.815
050 _bO98
100 _aOxlade, Chris.
245 _aHow things work /
245 _cChris Oxlade.
260 _aNew Delhi :
260 _bYoung Learner Publication.
300 _a32 pages :
300 _bcolor illustrations ;
300 _c28 cm.
440 _aKnowledge masters.
500 _aIncludes index; Internet linked--cover,
650 _aTechnology--
650 _xJuvenile literature.
999 _c305743
_d305743